Quick Pick: Bruno Mars Song Title Endings Quiz Stats

 Plays Quiz Updated May 12, 2018

Challenge
Share
Tweet
Embed
Score 0/12 Timer 01:00
1 Play Today
% Correct
Man
96.3%
Heaven
96.2%
Are
95.9%
Rain
95.5%
Knew
95%
Like
92.7%
Me
92.7%
Magic
89.4%
Moon
86.9%
Song
86.2%
Floor
84%
You
69%

Today's Daily Dose

You're not logged in!

Compare scores with friends on all Sporcle quizzes.
Join for Free
OR
Log In

You Might Also Like...

Show Comments

Extras

Top Quizzes Today


Score Distribution

Your Account Isn't Verified!

In order to create a playlist on Sporcle, you need to verify the email address you used during registration. Go to your Sporcle Settings to finish the process.

Report this User

Report this user for behavior that violates our Community Guidelines.

Details: